| 000 | 00422nam a22001697a 4500 | ||
|---|---|---|---|
| 999 |
_c7972 _d7970 |
||
| 005 | 20220219165153.0 | ||
| 008 | 220219b ||||| |||| 00| 0 eng d | ||
| 020 | _a978-81-225-0732-4 | ||
| 041 | _aeng | ||
| 082 | _a301 | ||
| 100 |
_aBHUSHAN, VIDYA AND SACHDEVA, D.R. _97217 |
||
| 245 | _aAN INTRODUCTION TO SOCIOLOGY | ||
| 260 |
_aNEW DELHI _bKITAB MAHAL _c2022 |
||
| 300 | _a552;p | ||
| 650 |
_aBPT _96963 |
||
| 942 | _cBK | ||